| 000 | 01182nam0a22002891 4500 | ||
|---|---|---|---|
| 001 | rc\2155139 | ||
| 005 | 20260407135922.0 | ||
| 035 | _a(NLR Aleph) 006704498 | ||
| 090 |
_a5278626 _c5278626 |
||
| 100 | _a20110829d1978 |||y0rusy50 ca | ||
| 101 | 0 | _arus | |
| 102 | _aRU | ||
| 105 | _aa z ||||| | ||
| 200 | 1 |
_aСовременные проблемы геологии БССР _eСб. науч. тр. _fБелорус. н.-и. геол.-развед. ин-т _g[Редкол.: З.А. Горелик (отв. ред.) и др.] |
|
| 210 |
_aМинск _cБелНИГРИ _d1978 |
||
| 215 |
_a146 с., 11 л. ил. _cил. _d20 |
||
| 320 | _aБиблиогр. в конце работ | ||
| 606 |
_aГеология _yБССР _2psbo |
||
| 702 | 1 |
_aГорелик _bЗ.А. _gЗалман Абрамович _4340 |
|
| 712 | 0 | 2 |
_aБелорусский научно-исследовательский геологоразведочный институт _cМинск _3RU\NLR\AUTH\8810004958 _9507283 |
| 801 | 0 |
_aRU _bNLR _gpsbo |
|
| 801 | 1 |
_aRU _bELAR _2rusmarc |
|
| 852 |
_aNLR _j79-3/4223 |
||
| 899 |
_aRuMoRGB _jБ 79-2/539 |
||
| 899 |
_aRuMoRGB _jБ 79-2/540 |
||
| 942 | _cBOOK | ||
| 980 | _aNB | ||